000 01731nam a2200241Ia 4500
008 260220t1983||||xx |||||||||||||| ||spa||
040 _aPY-SlUNAC
_bspa
_erda
041 _aspa
082 _a946
_bJ37h
100 _aJaraiz Franco, Pilar
_eAutor
245 0 _aHistoria de una disidencia /
_cpor Pilar Jaraiz Franco [Autor]
264 _aBarcelona :
_bPlaneta,
_c℗1983.
300 _a1 volumen
520 _a"Historia de una disidencia" de Pilar Jaraiz Franco explora el fenómeno de la disidencia en el contexto social y político de España durante las décadas del franquismo y la transición democrática. A través de un análisis riguroso, la autora examina las diversas formas de resistencia que emergieron frente a la opresión del régimen, destacando la importancia de los movimientos sociales y la cultura como vehículos de protesta. Jaraiz Franco presenta una serie de biografías y testimonios que ilustran las vivencias de individuos y grupos que desafiaron la autoridad, poniendo de relieve las consecuencias personales y colectivas de su activismo. Además, la obra reflexiona sobre el papel de la memoria histórica en la construcción de una identidad democrática y la necesidad de reconocer las luchas pasadas para comprender el presente. En su conjunto, el libro no solo documenta una época crucial de la historia española, sino que también invita a una profunda reflexión sobre la libertad, la justicia y la resistencia ante la opresión.
653 _aDisidencia
653 _aHistoria social
653 _aHistoriografía
942 _b2026/02/17
_cBK
999 _c9525
_d9525